Estatísticas para Ciências 15

Clique aqui para jogar o quiz

Estatísticas Gerais

  • Esse quiz foi jogado 23 vezes
  • A pontuação média é 4 de 13

Estatísticas das Respostas

HintResposta% Correto
Que nome damos ao local onde um determinado ser vivo habita por encontrar as condições necessárias à sua sobrevivência?Habitat
90%
Que nome damos ao conjunto dos seres vivos (comunidade), do meio onde habitam (habitat), das relações entre si e com o meio?Ecossistema
71%
Que nome damos ao conjunto de organismos geralmente semelhantes que, quando cruzados entre si, originam descendência fértil?Espécie
67%
Que nome damos ao conjunto de indivíduos da mesma espécie que habitam um determinado local (habitat) e que interagem entre si?População
67%
Que nome damos ao conjunto de populações que habitam um determinado local (habitat) e que interagem entre si?Comunidade
62%
Que nome damos aos conjuntos de ecossistemas em interação que são condicionados pelas condições geográficas e pelo clima da região onde se situam e que são caracterizados por um tipo dominante de vegetação e macroclima?Biomas
19%
Que nome damos ao movimento lento das plantas em direção à luz solar?Fototropismo
19%
Que nome damos aos seres que conseguem manter a temperatura do corpo constante, independentemente da temperatura ambiente?Homeotérmicos
10%
Que nome damos aos animais que têm uma pequena amplitude térmica?Estenotérmicos
0%
Que nome damos aos animais que têm uma grande amplitude térmica?Euritérmicos
0%
Que nome damos aos animais que atraídos pela luz?Lucífilos
0%
Que nome damos aos animais que não suportam a luz?Lucífugos
0%
Que nome damos aos seres em que a temperatura do corpo varia conforme a temperatura ambiente?Poiquilotérmicos
0%

Distribuição das Pontuações

Percentil de Números Respondidos

Porcentagem de Pessoas com Cada Pontuação

Sua Pontuação Histórica

Você não jogou esse quiz